000 00513nam a2200169Ia 4500
001 8993
005 20260306160650.0
008 260306t9999||||xx |||||||||||||| ||spa||
041 _aESP
082 _a372.21
_bM61G
110 _aMinisterio de Educación. Dirección General de Educación Inicial y Básica Regular. Dirección de Educación Inicial
245 0 _aGuías metodológicas para educación inicial
300 _a53 páginas :
_c16 cm.
650 _aGEN
654 _aCED
942 _cLIB
_dJUS
_fJUS
_2ddc
_n
999 _c8993
_d8993